000 01126nam a2200277 i 4500
003 DO-SdBNP
005 20240910133912.0
007 ta
008 220622e1998 dr ||||erlg|| 000 0dspa d
040 _aDO-SdBNP
_bspa
_cBNPHU
_erda
082 4 _a342.7293085
_bF316d
_222
100 1 _aFéliz Vidal, Carlos Julio,
_eautor
_4aut.
_965284
245 1 0 _aDerechos individuales :
_bla libertad individual en República Dominicana : bases para un nuevo estado de derechos /
_cCarlos Feliz Vidal ; prólogo, Lucy Cosme, editor, Octavio Féliz Vidal.
264 1 _aBaní, Rep. Dom. :
_bMansión CIEMPS Editorial,
_c1998.
300 _a105 páginas ;
_c21 cm.
336 _2rdacontent
_atexto
_btxt
337 _2rdamedia
_asin mediación
_bn
338 _2rdacarrier
_avolumen
_bnc
500 _aIncluye datos biográficos del autor en la contracubierta.
590 _aInventariado 2022 / MF
650 0 _aDerecho civil
_95702
_zRepública Dominicana
700 1 _aCosme, Lucy,
_eprologuista
_981902
_4pr.
700 1 _aFéliz Vidal, Octavio,
_eeditor
_918303
_4ed.
910 _aMFeliz/Validado. Control de calidad MFF
942 _2ddc
_cLBS1
999 _c52090
_d52090